00369nam a2200109Ia 4500008004000000082001700040100003900057245006600096260005500162300001300217650002900230210210b1976 xxu||||| |||| 00| 0 eng d a320.513 MEHM aMEHTA (Narider) and CHHABRA (S P). aModern Indian political though: A study in ideas & movements. aJalandharbNew Academic Publishing Company.,c1976 aviii,140 aIndian Political Thought